[Event "ESP-chT CECLUB Div2"]
[Site "Linares"]
[Date "2021.08.11"]
[Round "4.3"]
[White "Matamoros Franco, Carlos S"]
[Black "Alcazar Jimenez, Victor Manuel"]
[Result "1/2-1/2"]
[WhiteElo "2487"]
[BlackElo "2362"]
[PlyCount "61"]
[EventDate "2021.08.09"]
[EventType "team-swiss"]
[EventRounds "7"]
[EventCountry "ESP"]
[SourceTitle "CBM 203 Extra"]
[Source "ChessBase"]
[SourceDate "2021.09.30"]
[SourceVersion "1"]
[SourceVersionDate "2021.09.30"]
[SourceQuality "1"]
[WhiteTeam "Prodomasa Coin"]
[BlackTeam "Getafe"]
[WhiteTeamCountry "ESP"]
[BlackTeamCountry "ESP"]

1. c4 e6 2. g3 a6 3. Bg2 c5 4. Nc3 Nf6 5. Nf3 Qa5 6. 0-0 b5 7. d4 Bb7 8. d5 b4 9. Na4 exd5 10. cxd5 Bxd5 11. e4 Bc6 12. b3 Be7 13. Bg5 h6 14. e5 Nd5 15. Bxe7 Nxe7 16. Rc1 Bxa4 17. bxa4 Nbc6 18. Nd2 0-0 19. Nb3 Qxa4 20. Nxc5 Qb5 21. Nxd7 Rad8 22. Qg4 Nxe5 23. Nxe5 Qxe5 24. Qxb4 Nf5 25. Rfe1 Qd6 26. Qxd6 Rxd6 27. Red1 Nd4 28. Kf1 Rfd8 29. Bb7 g6 30. Rc8 Rxc8 31. Bxc8 1/2-1/2

[Event "ESP-chT CECLUB Div2"]
[Site "Linares"]
[Date "2020.08.24"]
[Round "1.1"]
[White "Alcazar Jimenez, Victor Manuel"]
[Black "De Nacimiento Montano, Angel"]
[Result "1-0"]
[WhiteElo "2353"]
[BlackElo "2178"]
[PlyCount "59"]
[EventDate "2020.08.24"]
[EventType "team-tourn"]
[EventRounds "6"]
[EventCountry "ESP"]
[SourceTitle "CBM 198 Extra"]
[Source "ChessBase"]
[SourceDate "2020.11.30"]
[SourceVersion "1"]
[SourceVersionDate "2020.11.30"]
[SourceQuality "1"]
[WhiteTeam "Getafe"]
[BlackTeam "Albatros"]
[WhiteTeamCountry "ESP"]
[BlackTeamCountry "ESP"]

1. c4 c6 2. Nf3 Nf6 3. b3 d5 4. Bb2 Bg4 5. e3 e6 6. Be2 Bd6 7. h3 Bxf3 8. Bxf3 Nbd7 9. 0-0 Qe7 10. Nc3 h5 11. Re1 g5 12. cxd5 exd5 13. e4 d4 14. e5 Bxe5 15. Ne2 0-0-0 16. Nxd4 Qd6 17. Nf5 Qc7 18. d4 Bh2+ 19. Kh1 g4 20. g3 h4 21. Ba3 Qa5 22. Ne7+ Kc7 23. Qc1 gxf3 24. Qf4+ Kb6 25. Bc5+ Nxc5 26. b4 Qb5 27. dxc5+ Ka6 28. a4 Qd3 29. Qc7 b6 30. Nxc6 1-0

[Event "San Sebastian op 42nd"]
[Site "San Sebastian"]
[Date "2019.04.14"]
[Round "3"]
[White "Alcazar Jimenez, Victor Manuel"]
[Black "Vazquez Igarza, Renier"]
[Result "0-1"]
[WhiteElo "2363"]
[BlackElo "2548"]
[PlyCount "76"]
[EventDate "2019.04.13"]
[EventType "swiss"]
[EventRounds "9"]
[EventCountry "ESP"]
[SourceTitle "CBM 189 Extra"]
[Source "ChessBase"]
[SourceDate "2019.06.03"]
[SourceVersion "1"]
[SourceVersionDate "2019.06.03"]
[SourceQuality "1"]

1. c4 Nf6 2. Nc3 e5 3. g3 d5 4. cxd5 Nxd5 5. Bg2 Nb6 6. Nf3 Nc6 7. 0-0 Be7 8. d3 Be6 9. Be3 0-0 10. a3 f5 11. Rc1 Bf6 12. Na4 e4 13. Ne1 Nxa4 14. Qxa4 Nd4 15. Bxd4 Qxd4 16. Qxd4 Bxd4 17. Rxc7 Bd5 18. b4 Rad8 19. dxe4 fxe4 20. Rc1 Bc6 21. Nc2 Bb6 22. Ne3 Rd2 23. Nc4 Rxe2 24. Nxb6 axb6 25. Rce1 Rfxf2 26. Rxe2 Rxe2 27. Rf4 b5 28. Kf1 Ra2 29. Bxe4 Rxh2 30. Bf5 g5 31. Rg4 Kg7 32. Be4 Kf6 33. Kg1 Rd2 34. Bxc6 bxc6 35. Re4 Rd3 36. Kf2 Rxa3 37. Rd4 Rc3 38. Rd6+ Ke5 0-1

[Event "Madrid-chT 1314"]
[Site "Madrid"]
[Date "2013.11.17"]
[Round "1.41"]
[White "Alcazar Jimenez, Victor Manuel"]
[Black "Moreno Trujillo, Alejandro"]
[Result "0-1"]
[WhiteElo "2368"]
[BlackElo "2541"]
[PlyCount "114"]
[EventDate "2013.11.16"]
[EventType "team-tourn"]
[EventRounds "14"]
[EventCountry "ESP"]
[SourceTitle "EXT 2015"]
[Source "ChessBase"]
[SourceDate "2014.11.20"]
[SourceVersion "1"]
[SourceVersionDate "2014.11.20"]
[SourceQuality "1"]
[WhiteTeam "Blanco y Negro"]
[BlackTeam "Villalba 64"]
[WhiteTeamCountry "ESP"]
[BlackTeamCountry "ESP"]

1. c4 e6 2. g3 d5 3. cxd5 exd5 4. Bg2 Nf6 5. Nf3 Bd6 6. Nc3 0-0 7. 0-0 c6 8. d3 Bf5 9. Re1 Bg6 10. e4 dxe4 11. dxe4 Bc5 12. Qxd8 Rxd8 13. Bg5 Nbd7 14. Nh4 Ng4 15. Rf1 f6 16. Bc1 Bf7 17. h3 Nge5 18. Na4 Bf8 19. b3 b5 20. Nc3 Bc5 21. Nf5 g6 22. Nh6+ Kg7 23. Nxf7 Kxf7 24. Nd1 a5 25. Be3 a4 26. Rc1 Nd3 27. Rc3 Bxe3 28. Nxe3 N7c5 29. b4 Ne6 30. a3 Rac8 31. Rd1 Ne5 32. f4 Rxd1+ 33. Nxd1 Nc4 34. Bf1 Rd8 35. Ne3 Nxe3 36. Rxe3 Rd1 37. Rd3 Rxd3 38. Bxd3 g5 39. f5 Nd8 40. Kf2 Ke7 41. h4 gxh4 42. gxh4 Kd6 43. Ke3 Ke5 44. Bb1 Nf7 45. Ba2 Nd6 46. Be6 Nc4+ 47. Kd3 Nxa3 48. h5 h6 49. Bd7 Nc4 50. Kc3 Kd6 51. Be8 Ne5 52. Kd4 Ke7 53. Bg6 Nf3+ 54. Kd3 Kf8 55. Kc3 Ng5 56. e5 Ne4+ 57. Kd3 fxe5 0-1

[Event "Madrid-chT 1112 Promociones"]
[Site "Madrid"]
[Date "2012.03.18"]
[Round "1.11"]
[White "Garcia Callejo, Jesus"]
[Black "Alcazar Jimenez, Victor Manuel"]
[Result "0-1"]
[WhiteElo "2237"]
[BlackElo "2379"]
[PlyCount "46"]
[EventDate "2012.03.18"]
[EventType "team"]
[EventRounds "2"]
[EventCountry "ESP"]
[SourceTitle "EXT 2014"]
[Source "ChessBase"]
[SourceDate "2013.11.20"]
[SourceVersion "1"]
[SourceVersionDate "2013.11.20"]
[SourceQuality "1"]
[WhiteTeam "Vallecas CDV"]
[BlackTeam "Blanco y Negro"]
[WhiteTeamCountry "ESP"]
[BlackTeamCountry "ESP"]

1. e4 c5 2. Nc3 Nc6 3. f4 g6 4. Nf3 Bg7 5. Bc4 e6 6. f5 Nge7 7. fxe6 fxe6 8. d3 d5 9. Bb3 b5 10. 0-0 c4 11. dxc4 bxc4 12. Ba4 d4 13. Bg5 Qb6 14. Nb5 0-0 15. Kh1 Ba6 16. Nbxd4 Bxd4 17. Bxe7 Nxe7 18. Qxd4 Rxf3 19. Qd7 Rxf1+ 20. Rxf1 c3 21. Qxe7 Bxf1 22. Bb3 Qf2 23. Qxe6+ Kg7 0-1

[Event "Madrid-chT"]
[Site "Madrid"]
[Date "2012.02.05"]
[Round "9.21"]
[White "Alcazar Jimenez, Victor Manuel"]
[Black "Candela Perez, Jose"]
[Result "1-0"]
[WhiteElo "2379"]
[BlackElo "2424"]
[PlyCount "69"]
[EventDate "2011.11.13"]
[EventType "team-tourn"]
[EventRounds "14"]
[EventCountry "ESP"]
[SourceTitle "EXT 2013"]
[Source "ChessBase"]
[SourceDate "2012.11.22"]
[SourceVersion "1"]
[SourceVersionDate "2012.11.22"]
[SourceQuality "1"]
[WhiteTeam "Blanco y Negro"]
[BlackTeam "La Casa del Ajedrez"]
[WhiteTeamCountry "ESP"]
[BlackTeamCountry "ESP"]

1. c4 c6 2. e4 d5 3. cxd5 cxd5 4. exd5 Nf6 5. Nc3 Nxd5 6. Bc4 e6 7. Nf3 Be7 8. 0-0 0-0 9. d4 Nc6 10. Re1 Bf6 11. Ne4 Be7 12. a3 b6 13. Qd3 Bb7 14. Ba2 Rc8 15. Nfg5 Bxg5 16. Bxg5 f6 17. Bd2 Qd7 18. Rad1 Nce7 19. Bb1 Ng6 20. h4 f5 21. Ng5 Ndf4 22. Bxf4 Nxf4 23. Qg3 Qd5 24. f3 Qd6 25. Kh2 Rcd8 26. Re5 Nh5 27. Qe1 Bd5 28. Kg1 Nf4 29. g3 Ng6 30. Rxe6 Bxe6 31. Qxe6+ Kh8 32. f4 Qc7 33. Ba2 Nxf4 34. gxf4 Qxf4 35. Qg8+ 1-0

[Event "Madrid-chT"]
[Site "Madrid"]
[Date "2012.01.15"]
[Round "6.31"]
[White "Granda Zuniga, Julio E"]
[Black "Alcazar Jimenez, Victor Manuel"]
[Result "1-0"]
[WhiteElo "2636"]
[BlackElo "2379"]
[PlyCount "135"]
[EventDate "2011.11.13"]
[EventType "team-tourn"]
[EventRounds "14"]
[EventCountry "ESP"]
[SourceTitle "EXT 2013"]
[Source "ChessBase"]
[SourceDate "2012.11.22"]
[SourceVersion "1"]
[SourceVersionDate "2012.11.22"]
[SourceQuality "1"]
[WhiteTeam "Collado Villalba"]
[BlackTeam "Blanco y Negro"]
[WhiteTeamCountry "ESP"]
[BlackTeamCountry "ESP"]

1. d4 Nf6 2. Nf3 g6 3. b4 Bg7 4. e3 0-0 5. Be2 d6 6. 0-0 e5 7. Bb2 e4 8. Nfd2 Re8 9. c4 Nbd7 10. Nc3 Nf8 11. Qb3 h5 12. Rae1 N8h7 13. Nd5 Nxd5 14. cxd5 Qg5 15. f3 exf3 16. Bxf3 Nf6 17. Re2 Bg4 18. e4 Bd7 19. Nc4 Ng4 20. h3 Bb5 21. a4 Bd7 22. b5 Nh6 23. Kh1 Re7 24. Qc3 Rae8 25. Qe1 h4 26. Qd1 Rf8 27. Bc1 Qg3 28. Re3 Ree8 29. Rd3 Bxh3 30. gxh3 Qxh3+ 31. Kg1 Bxd4+ 32. Rxd4 Qg3+ 33. Bg2 h3 34. Qf3 Qxg2+ 35. Qxg2 hxg2 36. Bxh6 gxf1Q+ 37. Kxf1 f5 38. Bxf8 Kxf8 39. exf5 gxf5 40. Na5 b6 41. Nc6 Kg7 42. Nxa7 Kf6 43. Kf2 Rh8 44. Nc6 Rh3 45. Nb4 Rc3 46. Nd3 Kg5 47. Ke2 Rc2+ 48. Ke3 Kf6 49. Nb4 Rc1 50. Kd2 Ra1 51. Nd3 Rh1 52. Rc4 Rh7 53. Kc3 Rg7 54. Rh4 Rg4 55. Rh7 Rxa4 56. Rxc7 f4 57. Rc6 Kf5 58. Rxb6 Ke4 59. Nxf4 Kxf4 60. Rxd6 Ke5 61. Rd7 Ra8 62. b6 Rc8+ 63. Kb4 Kd4 64. b7 Rc1 65. Kb5 Rb1+ 66. Kc6 Rc1+ 67. Kd6 Rb1 68. Kc7 1-0

[Event "Burgas op 17th"]
[Site "Ourense"]
[Date "2008.07.09"]
[Round "7"]
[White "Perez Candelario, Manuel"]
[Black "Alcazar Jimenez, Victor Manuel"]
[Result "1-0"]
[WhiteElo "2537"]
[BlackElo "2391"]
[PlyCount "57"]
[EventDate "2008.07.03"]
[EventType "swiss"]
[EventRounds "9"]
[EventCountry "ESP"]
[SourceTitle "CBM 125 Extra"]
[Source "ChessBase"]
[SourceDate "2008.09.01"]
[SourceVersion "1"]
[SourceVersionDate "2008.09.01"]
[SourceQuality "1"]

1. e4 c5 2. Nf3 e6 3. d4 cxd4 4. Nxd4 a6 5. Bd3 Bc5 6. Nb3 Be7 7. Be3 Qc7 8. N1d2 d6 9. a4 b6 10. a5 bxa5 11. 0-0 Nf6 12. Nxa5 0-0 13. f4 e5 14. f5 d5 15. exd5 Nxd5 16. Bf2 Nd7 17. Be4 N7f6 18. Bxd5 Nxd5 19. Qf3 Nb6 20. Ne4 Bb4 21. f6 Rd8 22. fxg7 Nd5 23. Bh4 Be6 24. Bxd8 Rxd8 25. Ng5 Ne3 26. Nxe6 fxe6 27. Nc6 Nxf1 28. Nxd8 Nd2 29. Qf8+ 1-0

[Event "Burgas op 17th"]
[Site "Ourense"]
[Date "2008.07.05"]
[Round "3"]
[White "Rusev, Krasimir"]
[Black "Alcazar Jimenez, Victor Manuel"]
[Result "1-0"]
[WhiteElo "2508"]
[BlackElo "2391"]
[PlyCount "77"]
[EventDate "2008.07.03"]
[EventType "swiss"]
[EventRounds "9"]
[EventCountry "ESP"]
[SourceTitle "CBM 125 Extra"]
[Source "ChessBase"]
[SourceDate "2008.09.01"]
[SourceVersion "1"]
[SourceVersionDate "2008.09.01"]
[SourceQuality "1"]

1. d4 g6 2. e4 d6 3. Nf3 Bg7 4. Nc3 a6 5. Be2 Nd7 6. 0-0 c5 7. Be3 b6 8. Qd2 Bb7 9. Rad1 cxd4 10. Nxd4 Nc5 11. Bf3 h5 12. Rfe1 Nf6 13. Bg5 Qc7 14. Nd5 Qd8 15. Nxf6+ exf6 16. Bf4 0-0 17. Nb3 Re8 18. Qxd6 Qxd6 19. Rxd6 Na4 20. Nd2 b5 21. b3 Nc5 22. Rb6 Re6 23. Rxe6 Nxe6 24. Be3 Rc8 25. c4 Bf8 26. Be2 Bb4 27. f3 Rd8 28. Rd1 Nd4 29. Kf2 f5 30. Nb1 Bc5 31. b4 f4 32. bxc5 fxe3+ 33. Kxe3 Nc2+ 34. Kf2 Rc8 35. Rd2 Nb4 36. Rb2 Nc6 37. cxb5 axb5 38. Bxb5 Nd4 39. Ke3 1-0

[Event "ESP-ch Student"]
[Site "Cartagena"]
[Date "2007.05.08"]
[Round "3"]
[White "Alcazar Jimenez, Victor Manuel"]
[Black "Perez de Miguel, Alvaro"]
[Result "0-1"]
[WhiteElo "2423"]
[BlackElo "2098"]
[PlyCount "104"]
[EventDate "2007.05.06"]
[EventType "swiss"]
[EventRounds "9"]
[EventCountry "ESP"]
[SourceTitle "CBM 118 Extra"]
[Source "ChessBase"]
[SourceDate "2007.07.04"]
[SourceVersion "1"]
[SourceVersionDate "2007.07.04"]
[SourceQuality "1"]

1. e4 c6 2. c4 d5 3. exd5 cxd5 4. Nf3 Nf6 5. d4 Nc6 6. Nc3 Bg4 7. cxd5 Nxd5 8. Qb3 Bxf3 9. gxf3 Nb6 10. d5 Nd4 11. Qd1 e5 12. dxe6 Qf6 13. Bg2 Qxe6+ 14. Be3 Nf5 15. 0-0 Nxe3 16. fxe3 Bc5 17. Kh1 0-0 18. e4 Rad8 19. Qc2 Qh6 20. Rfd1 Bd6 21. Bf1 Bf4 22. a4 a5 23. Qg2 Rfe8 24. Bb5 Rxd1+ 25. Rxd1 Rc8 26. Qe2 g6 27. Qg2 Rc5 28. Nd5 Nxd5 29. exd5 Bd6 30. b3 Rc3 31. h3 Qf4 32. Bc4 Rxf3 33. Rf1 Rxf1+ 34. Bxf1 Kg7 35. Bc4 f5 36. Qb2+ Be5 37. Qg2 Kf6 38. Qe2 Qg3 39. Qg2 Qxg2+ 40. Kxg2 Bd6 41. Kf3 g5 42. Bb5 h5 43. Be8 g4+ 44. hxg4 hxg4+ 45. Ke3 Kg5 46. Bd7 f4+ 47. Ke4 f3 48. Be8 Kh4 49. Bb5 Kg3 50. Kf5 f2 51. Ke6 Bf4 52. d6 Kg2 0-1

[Event "ESP-ch Student"]
[Site "Cartagena"]
[Date "2007.05.07"]
[Round "1"]
[White "Engo Pardo, Javier"]
[Black "Alcazar Jimenez, Victor Manuel"]
[Result "0-1"]
[WhiteElo "2072"]
[BlackElo "2423"]
[PlyCount "44"]
[EventDate "2007.05.06"]
[EventType "swiss"]
[EventRounds "9"]
[EventCountry "ESP"]
[SourceTitle "CBM 118 Extra"]
[Source "ChessBase"]
[SourceDate "2007.07.04"]
[SourceVersion "1"]
[SourceVersionDate "2007.07.04"]
[SourceQuality "1"]

1. d4 Nf6 2. c4 g6 3. f3 c5 4. d5 b5 5. e4 d6 6. a4 b4 7. Bd3 Bg7 8. Ne2 0-0 9. 0-0 e5 10. Bg5 h6 11. Bh4 Qe8 12. h3 Nh5 13. Qc2 Nf4 14. Nxf4 exf4 15. Nd2 Nd7 16. e5 Qxe5 17. Rae1 Qd4+ 18. Bf2 Qxb2 19. Bxg6 fxg6 20. Qxg6 Qf6 21. Qh5 Qf7 22. Qh4 Ne5 0-1

[Event "Olympiad-36"]
[Site "Mallorca"]
[Date "2004.10.28"]
[Round "13"]
[White "Alcazar Jimenez, Victor Manuel"]
[Black "Llorens Sepulveda, Marcelo"]
[Result "1/2-1/2"]
[WhiteElo "2412"]
[BlackElo "2375"]
[PlyCount "22"]
[EventDate "2004.10.15"]
[EventType "team-swiss"]
[EventRounds "14"]
[EventCountry "ESP"]
[SourceTitle "CBM 104"]
[Source "ChessBase"]
[SourceDate "2005.01.27"]
[SourceVersion "1"]
[SourceVersionDate "2005.01.27"]
[SourceQuality "1"]
[WhiteTeam "Spain II"]
[BlackTeam "Chile"]
[WhiteTeamCountry "ESP"]
[BlackTeamCountry "CHI"]

1. e4 c5 2. Nf3 Nc6 3. Nc3 e6 4. d4 cxd4 5. Nxd4 Nf6 6. Be2 Bb4 7. 0-0 0-0 8. Ndb5 a6 9. Nd6 Qc7 10. Nxc8 Raxc8 11. Bd3 Ne5 1/2-1/2

[Event "Olympiad-36"]
[Site "Mallorca"]
[Date "2004.10.27"]
[Round "12"]
[White "Alcazar Jimenez, Victor Manuel"]
[Black "Sepp, Olav"]
[Result "1-0"]
[WhiteElo "2412"]
[BlackElo "2455"]
[PlyCount "73"]
[EventDate "2004.10.15"]
[EventType "team-swiss"]
[EventRounds "14"]
[EventCountry "ESP"]
[SourceTitle "CBM 104"]
[Source "ChessBase"]
[SourceDate "2005.01.27"]
[SourceVersion "1"]
[SourceVersionDate "2005.01.27"]
[SourceQuality "1"]
[WhiteTeam "Spain II"]
[BlackTeam "Estonia"]
[WhiteTeamCountry "ESP"]
[BlackTeamCountry "EST"]

1. e4 e5 2. Nf3 Nc6 3. Bc4 Nf6 4. d4 exd4 5. Ng5 Ne5 6. Qxd4 Nxc4 7. Qxc4 d5 8. exd5 Qxd5 9. Qe2+ Be7 10. 0-0 h6 11. Rd1 Qc6 12. Re1 Qd7 13. Nf3 Qe6 14. Qb5+ c6 15. Qa4 Qd7 16. Bf4 0-0 17. Nc3 Bc5 18. Rad1 Qg4 19. h3 Qg6 20. Nh4 Qh7 21. Be5 b5 22. Qf4 Nd7 23. Bd6 Bxd6 24. Rxd6 Nb6 25. Rxc6 Qxc2 26. Qg3 Qd2 27. Re4 Qg5 28. Rxc8 Raxc8 29. Rg4 Qf6 30. Ne4 Qxb2 31. Nf5 Kh8 32. Rxg7 Rg8 33. Nc3 b4 34. Qe5 Qxc3 35. Rg6+ Rg7 36. Rxh6+ Kg8 37. Ne7+ 1-0

[Event "Olympiad-36"]
[Site "Mallorca"]
[Date "2004.10.22"]
[Round "7"]
[White "Filippov, Anton"]
[Black "Alcazar Jimenez, Victor Manuel"]
[Result "1-0"]
[WhiteElo "2475"]
[BlackElo "2412"]
[PlyCount "71"]
[EventDate "2004.10.15"]
[EventType "team-swiss"]
[EventRounds "14"]
[EventCountry "ESP"]
[SourceTitle "CBM 104"]
[Source "ChessBase"]
[SourceDate "2005.01.27"]
[SourceVersion "1"]
[SourceVersionDate "2005.01.27"]
[SourceQuality "1"]
[WhiteTeam "Uzbekistan"]
[BlackTeam "Spain II"]
[WhiteTeamCountry "UZB"]
[BlackTeamCountry "ESP"]

1. e4 c5 2. Nf3 d6 3. Bb5+ Bd7 4. Bxd7+ Qxd7 5. 0-0 Nc6 6. c3 Nf6 7. Re1 g6 8. d4 Bg7 9. d5 Nb8 10. a4 0-0 11. Na3 e6 12. dxe6 fxe6 13. Nc4 Ne8 14. Be3 b6 15. Qd2 Nc6 16. Rad1 Rd8 17. Bg5 Bf6 18. Bxf6 Rxf6 19. e5 Rxf3 20. gxf3 d5 21. Qg5 Qc7 22. Ne3 Qxe5 23. f4 Qg7 24. Ng4 Nc7 25. Rd3 Rf8 26. Rg3 Kh8 27. Nh6 Qf6 28. Rg4 d4 29. Rh4 d3 30. Ng4 Qxf4 31. Qh6 Qf7 32. Qe3 Nd5 33. Qe4 Qe7 34. Ne5 Nxe5 35. Qxe5+ Nf6 36. Rf4 1-0

[Event "Albacete op 12th"]
[Site "Albacete"]
[Date "2004.09.04"]
[Round "5"]
[White "Alcazar Jimenez, Victor Manuel"]
[Black "Lopez del Alamo, Antonio"]
[Result "1-0"]
[WhiteElo "2412"]
[BlackElo "2268"]
[PlyCount "83"]
[EventDate "2004.09.01"]
[EventType "swiss"]
[EventRounds "9"]
[EventCountry "ESP"]
[SourceTitle "CBM 102 Extra"]
[Source "ChessBase"]
[SourceDate "2004.11.03"]
[SourceVersion "1"]
[SourceVersionDate "2004.11.03"]
[SourceQuality "1"]

1. e4 c5 2. Nf3 e6 3. Nc3 Nc6 4. d4 cxd4 5. Nxd4 Nf6 6. Be2 d6 7. 0-0 Be7 8. Be3 0-0 9. f4 a6 10. a4 Qc7 11. Kh1 Rd8 12. Nb3 b6 13. Bf3 Rb8 14. Qe2 Na5 15. Rfd1 Nd7 16. Nd4 Bf8 17. Na2 Bb7 18. Rd3 Rbc8 19. Rc3 Qb8 20. b4 Rxc3 21. Nxc3 Qc8 22. Qd3 Nc4 23. b5 Nxe3 24. Qxe3 Qc5 25. Qd3 Rc8 26. bxa6 Bxa6 27. Qxa6 Qxc3 28. Rd1 Rc4 29. Nb5 Qxc2 30. Nxd6 Rc3 31. Qe2 Qxa4 32. h3 Nc5 33. f5 Qc2 34. Qf1 Nd3 35. fxe6 Bxd6 36. Be2 fxe6 37. Bxd3 Qb2 38. e5 Bc5 39. Bc4 Qf2 40. Bxe6+ Kf8 41. Qb5 g6 42. Rf1 1-0

[Event "Albacete op 12th"]
[Site "Albacete"]
[Date "2004.09.03"]
[Round "4"]
[White "Delchev, Aleksander"]
[Black "Alcazar Jimenez, Victor Manuel"]
[Result "1-0"]
[WhiteElo "2603"]
[BlackElo "2412"]
[PlyCount "85"]
[EventDate "2004.09.01"]
[EventType "swiss"]
[EventRounds "9"]
[EventCountry "ESP"]
[SourceTitle "CBM 102 Extra"]
[Source "ChessBase"]
[SourceDate "2004.11.03"]
[SourceVersion "1"]
[SourceVersionDate "2004.11.03"]
[SourceQuality "1"]

1. e4 c5 2. Nf3 e6 3. Nc3 a6 4. g3 Qc7 5. Bg2 Nc6 6. 0-0 Nf6 7. d3 Be7 8. Nh4 d6 9. f4 Nd7 10. Nf3 b5 11. Qe2 Bb7 12. Be3 0-0 13. a3 Bf6 14. Qf2 Rac8 15. g4 g6 16. g5 Bg7 17. f5 Bxc3 18. bxc3 exf5 19. exf5 Nce5 20. Bf4 Rce8 21. a4 f6 22. Nh4 fxg5 23. Bxg5 Nf7 24. Qg3 Bxg2 25. Qxg2 Nxg5 26. Qxg5 Ne5 27. axb5 axb5 28. fxg6 Rxf1+ 29. Rxf1 Nxg6 30. Nxg6 hxg6 31. Rf6 Re7 32. Rxg6+ Rg7 33. Rxg7+ Qxg7 34. Qxg7+ Kxg7 35. Kf2 Kf6 36. Ke3 Kf5 37. c4 bxc4 38. dxc4 Ke5 39. c3 Kf5 40. Kf3 Ke5 41. h3 Kf5 42. h4 Ke5 43. Kg4 1-0

[Event "Albacete op 12th"]
[Site "Albacete"]
[Date "2004.09.01"]
[Round "1"]
[White "Alcazar Jimenez, Victor Manuel"]
[Black "Picazo Lopez, Juan Antonio"]
[Result "1-0"]
[WhiteElo "2412"]
[BlackElo "2083"]
[PlyCount "47"]
[EventDate "2004.09.01"]
[EventType "swiss"]
[EventRounds "9"]
[EventCountry "ESP"]
[SourceTitle "CBM 102 Extra"]
[Source "ChessBase"]
[SourceDate "2004.11.03"]
[SourceVersion "1"]
[SourceVersionDate "2004.11.03"]
[SourceQuality "1"]

1. e4 d6 2. d4 Nf6 3. Nc3 g6 4. Be3 c6 5. Qd2 h5 6. h3 Nbd7 7. Nf3 b5 8. e5 Ng8 9. e6 Nb6 10. exf7+ Kxf7 11. Bd3 Bh6 12. Nh4 Nc4 13. Bxg6+ Kg7 14. Bxh6+ Nxh6 15. Qg5 e5 16. Qg3 Rg8 17. Be4+ Kf7 18. Qf3+ Ke7 19. Bxc6 Rb8 20. Qxh5 Nf7 21. Ng6+ Kf6 22. Nd5+ Kg7 23. Nge7 Kf8 24. Nxg8 1-0

[Event "ESP-ch op"]
[Site "Seville"]
[Date "2004.08.18"]
[Round "6"]
[White "Alcazar Jimenez, Victor Manuel"]
[Black "Saldano Dayer, Horacio"]
[Result "0-1"]
[WhiteElo "2412"]
[BlackElo "2474"]
[PlyCount "154"]
[EventDate "2004.08.13"]
[EventType "swiss"]
[EventRounds "9"]
[EventCountry "ESP"]
[SourceTitle "CBM 101 Extra"]
[Source "ChessBase"]
[SourceDate "2004.09.01"]
[SourceVersion "2"]
[SourceVersionDate "2004.09.01"]
[SourceQuality "1"]

1. e4 c5 2. Nf3 e6 3. Nc3 Nc6 4. d4 cxd4 5. Nxd4 Qc7 6. Be2 Nf6 7. 0-0 Be7 8. Be3 0-0 9. f4 d6 10. Kh1 Rd8 11. Qe1 Nxd4 12. Bxd4 e5 13. Be3 exf4 14. Bxf4 Be6 15. Qg3 Nd7 16. Bg4 Bf8 17. Nb5 Qb6 18. Bxe6 fxe6 19. Bh6 g6 20. Bxf8 Nxf8 21. Qg5 Rd7 22. Rf3 h6 23. Rxf8+ Rxf8 24. Qxg6+ Rg7 25. Qxe6+ Kh7 26. Nxd6 Qf2 27. g3 Qf3+ 28. Kg1 Qe3+ 29. Kh1 Rf2 30. Qh3 Rf6 31. Nb5 Qxe4+ 32. Qg2 Qb4 33. a4 Qxb2 34. Qe4+ Kh8 35. Rd1 Rf8 36. Nd6 Qf6 37. Nxb7 Re7 38. Qg2 Qf3 39. Qxf3 Rxf3 40. Kg2 Rc3 41. Rd8+ Kh7 42. Na5 Rxc2+ 43. Kh3 Rc3 44. Rd6 Rec7 45. Rd4 Kg7 46. Rg4+ Kf6 47. Rb4 Kg6 48. Rg4+ Kh7 49. Re4 R3c5 50. Nb3 Rc4 51. Re6 Rxa4 52. Nd2 Ra2 53. Nf3 a5 54. Nd4 h5 55. Re5 Kg6 56. Re6+ Kf7 57. Re5 Rc4 58. Nf3 Rc3 59. Rf5+ Kg7 60. Nh4 Rcc2 61. Rxh5 Rxh2+ 62. Kg4 a4 63. Kf4 Rhf2+ 64. Ke3 Rfb2 65. Kd3 a3 66. Ra5 Kf6 67. Kc3 Rb1 68. Ra6+ Kf7 69. Nf3 Raa1 70. Ne5+ Kg7 71. Nc4 a2 72. Nd2 Rb7 73. Kc2 Rd7 74. Kb2 Rg1 75. Nb3 Rg2+ 76. Kc3 Rxg3+ 77. Kc4 Rc7+ 0-1

[Event "ESP-ch op"]
[Site "Seville"]
[Date "2004.08.17"]
[Round "5"]
[White "Alcazar Jimenez, Victor Manuel"]
[Black "Barrero Garcia, Carlos"]
[Result "1-0"]
[WhiteElo "2412"]
[BlackElo "2268"]
[PlyCount "55"]
[EventDate "2004.08.13"]
[EventType "swiss"]
[EventRounds "9"]
[EventCountry "ESP"]
[SourceTitle "CBM 101 Extra"]
[Source "ChessBase"]
[SourceDate "2004.09.01"]
[SourceVersion "2"]
[SourceVersionDate "2004.09.01"]
[SourceQuality "1"]

1. c4 b6 2. Nc3 Bb7 3. e4 e6 4. Nf3 Bb4 5. d3 Ne7 6. Qb3 c5 7. a3 Ba5 8. Bg5 h6 9. Bf4 f5 10. 0-0-0 0-0 11. Bd6 Bxc3 12. Qxc3 fxe4 13. Ne5 Rxf2 14. d4 cxd4 15. Qxd4 Rf6 16. Bxb8 Qxb8 17. Nxd7 Qf4+ 18. Kb1 Rf5 19. g3 Qf3 20. Bh3 e3 21. Rhe1 e2 22. Rd2 Be4+ 23. Ka2 Nc6 24. Qd6 Ra5 25. Rdxe2 Bd3 26. Bxe6+ Kh8 27. Re3 Qf2 28. Qxc6 1-0

[Event "ESP-ch op"]
[Site "Seville"]
[Date "2004.08.15"]
[Round "3"]
[White "Alcazar Jimenez, Victor Manuel"]
[Black "Diez Gonzalez, Pedro Maria"]
[Result "1/2-1/2"]
[WhiteElo "2412"]
[BlackElo "2268"]
[PlyCount "93"]
[EventDate "2004.08.13"]
[EventType "swiss"]
[EventRounds "9"]
[EventCountry "ESP"]
[SourceTitle "CBM 101 Extra"]
[Source "ChessBase"]
[SourceDate "2004.09.01"]
[SourceVersion "2"]
[SourceVersionDate "2004.09.01"]
[SourceQuality "1"]

1. e4 e6 2. Nc3 d5 3. d4 Bb4 4. exd5 exd5 5. a3 Bxc3+ 6. bxc3 Nc6 7. Bd3 Be6 8. Ne2 Qd7 9. 0-0 0-0-0 10. Nf4 Bg4 11. f3 Bf5 12. Rb1 Nge7 13. Qe2 Kb8 14. Bd2 Ka8 15. Rb5 Rde8 16. Rfb1 Ng6 17. Bxf5 Qxf5 18. Qd3 Qxd3 19. cxd3 Nce7 20. Rxb7 Rb8 21. R7b4 Rb6 22. Kf2 Nxf4 23. Bxf4 Kb7 24. g4 Kc8 25. a4 Kd7 26. a5 Rc6 27. R1b3 h5 28. gxh5 Rxh5 29. Rb7 g5 30. Bg3 a6 31. Ra7 Nf5 32. Rbb7 Nxg3 33. Kxg3 Rh4 34. c4 Rxd4 35. Rb6 dxc4 36. Rxc6 Kxc6 37. dxc4 Rxc4 38. Rxa6+ Kd7 39. Ra8 Ra4 40. a6 Ke7 41. h3 Kf6 42. Ra7 Kg6 43. Kf2 Ra3 44. Ke2 f6 45. Kf2 Kf5 46. Kg3 Ra4 47. Rxc7 1/2-1/2